Cities of Floyd County, Iowa - Statistics

General Stats
  • This quiz has been taken 42 times
  • The average score is 6 of 9
Answer Stats
Cities % Correct
1 Charles City
100%
2 Nashua
100%
7 Floyd
67%
4 Greene
67%
8 Marble Rock
67%
3 Nora Springs
67%
5 Rockford
67%
6 Rudd
67%
9 Colwell
33%
No matching quizzes found
Score Distribution
Percent of People with Each Score
Percentile by Number Answered
Your Score History
You have not taken this quiz